| 000 | 00000nam##2200000za#4500 |
| 001 | 9.641374 |
| 003 | CaOODSP |
| 005 | 20250403105359 |
| 007 | cr ||||||||||| |
| 008 | 150407|1996||||xxc|||||o f|0| 0 fre|d |
| 040 | |aCaOODSP|bfre |
| 043 | |an-cn--- |
| 086 | 1 |aCS96-301/1996F-PDF |
| 245 | 03|aUn coup d'oeil sur l'agriculture canadienne - guide de l'enseignant |h[ressource électronique] |
| 260 | |aOttawa - Ontario : |bStatistique Canada |c1996. |
| 500 | |aNiveau suggéré: classes du secondaire. Publication du recensement historique numérisé par Statistique Canada. |
| 520 | 3 |aLes activités qui suivent, prêtes à être développées en classe, donnent aux étudiants du niveau secondaire l’occasion d’acquérir des connaissances sur l’agriculture au Canada en consultant la publication Un coup d’oeil sur l’agriculture canadienne. Il présente un tableau complet qui soit de l’agriculture canadienne et de ses gens au moyen d'articles de fond, de graphiques, de diagrammes et de cartes géographiques basées sur des codes de couleurs. Tirés des recensements de l’agriculture et de la population et de Statistique Canada que d'autres sources, les sujets abordés vont de la culture des pommes au rôle des femmes dans l’agriculture, en passant par le contexte géographique et climatique de l'agriculture canadienne. Il est destiné aux enseignants de nombreux domaines, notamment la géographie, les mathématiques, les sciences et l'initiation à la vie familiale. Chacune des activités est mullidisciplinaire et reconnaît la diversité des méthodes d'apprentissage des élèves. |
| 590 | |a13-04-Supp|b2013-02-13 |
| 691 | 07|aDonnées du recensement|2gcpds |
| 691 | 07|aStatistiques de l'agriculture|2gcpds |
| 710 | 2 |aStatistique Canada. |
| 775 | 08|tCanadian agriculture at a glance - teacher's kit |w(CaOODSP)9.697317 |
| 856 | 40|ahttp://publications.gc.ca|qPDF|s6.8 Mo|uhttps://publications.gc.ca/collections/collection_2013/statcan/rh-hc/CS96-301-1996-fra.pdf |